<?xml version="1.0" encoding="UTF-8"?><?xml-stylesheet type="text/xsl" href="static/style.xsl"?><OAI-PMH xmlns="http://www.openarchives.org/OAI/2.0/" xmlns:xsi="http://www.w3.org/2001/XMLSchema-instance" xsi:schemaLocation="http://www.openarchives.org/OAI/2.0/ http://www.openarchives.org/OAI/2.0/OAI-PMH.xsd"><responseDate>2026-06-02T09:05:53Z</responseDate><request verb="GetRecord" identifier="oai:riuma.uma.es:10630/14359" metadataPrefix="marc">https://riuma.uma.es/rest/oai/request</request><GetRecord><record><header><identifier>oai:riuma.uma.es:10630/14359</identifier><datestamp>2026-02-03T10:19:13Z</datestamp><setSpec>com_10630_1685</setSpec><setSpec>col_10630_38055</setSpec></header><metadata><record xmlns="http://www.loc.gov/MARC21/slim" xmlns:dcterms="http://purl.org/dc/terms/" xmlns:doc="http://www.lyncode.com/xoai" xmlns:xsi="http://www.w3.org/2001/XMLSchema-instance" xsi:schemaLocation="http://www.loc.gov/MARC21/slim http://www.loc.gov/standards/marcxml/schema/MARC21slim.xsd">
   <leader>00925njm 22002777a 4500</leader>
   <datafield ind2=" " ind1=" " tag="042">
      <subfield code="a">dc</subfield>
   </datafield>
   <datafield ind2=" " ind1=" " tag="720">
      <subfield code="a">Jiménez Espada, Desiree María</subfield>
      <subfield code="e">author</subfield>
   </datafield>
   <datafield ind2=" " ind1=" " tag="260">
      <subfield code="c">2017-07-25</subfield>
   </datafield>
   <datafield ind2=" " ind1=" " tag="520">
      <subfield code="a">You are not here es un proyecto artístico audiovisual que trata la cuestión de la deriva en&#xd;
contraposición con los nuevos sistemas de orientación actuales y es expuesto como vídeo&#xd;
instalación.&#xd;
Este concepto de orientación, es tratado mediante seis vídeos en que juego con movimientos&#xd;
de desplazamiento, tanto a pie como en diversos medios de transporte actuales. Los vídeos se&#xd;
relacionan uno con otro y, en la propia instalación, hay elementos que aluden a objetos que&#xd;
aparecen en las imagenes, como es, por ejemplo, la figura del mojón orientativo. Los propios&#xd;
espectadores, que caminan en el espacio expositivo, también se adentran en las proyecciones&#xd;
al interactuar sus siluetas con los vídeos. El proyecto abarca los trayectos y recorridos en&#xd;
distintos lugares, naturales y urbanos, y las diferentes maneras de llegar a un destino.&#xd;
Autores como Guy Debord, Charles Baudelaire, Francesco Careri, Robert Louis Stevenson,&#xd;
Jack Kerouac o Francis Alÿs han sido fundamentales a la hora de embarcarme en este proyecto.</subfield>
   </datafield>
   <datafield ind1="8" ind2=" " tag="024">
      <subfield code="a">http://hdl.handle.net/10630/14359</subfield>
   </datafield>
   <datafield tag="653" ind2=" " ind1=" ">
      <subfield code="a">Grado en Bellas Artes - Trabajos Fin de Grado</subfield>
   </datafield>
   <datafield tag="653" ind2=" " ind1=" ">
      <subfield code="a">Bellas Artes - Trabajos Fin de Grado</subfield>
   </datafield>
   <datafield tag="653" ind2=" " ind1=" ">
      <subfield code="a">Videoarte</subfield>
   </datafield>
   <datafield tag="653" ind2=" " ind1=" ">
      <subfield code="a">Arte</subfield>
   </datafield>
   <datafield tag="653" ind2=" " ind1=" ">
      <subfield code="a">Orientación - En el arte</subfield>
   </datafield>
   <datafield tag="653" ind2=" " ind1=" ">
      <subfield code="a">Hombre - Viajes</subfield>
   </datafield>
   <datafield tag="653" ind2=" " ind1=" ">
      <subfield code="a">Caminos en el arte</subfield>
   </datafield>
   <datafield ind2="0" ind1="0" tag="245">
      <subfield code="a">You are not here</subfield>
   </datafield>
</record>
</metadata></record></GetRecord></OAI-PMH>